Top Five Countries by Language #1 - Statistics

General Stats
  • This quiz has been taken 128 times
  • The average score is 33 of 40
Answer Stats
Language Country % Correct
Portuguese Brazil
99%
French France
99%
Portuguese France
99%
Russian Russia
99%
Chinese China
98%
Korean China
98%
Indonesian China
98%
Indonesian Indonesia
97%
Portuguese Portugal
97%
Korean South Korea
97%
Spanish Argentina
96%
Spanish Mexico
96%
Korean North Korea
96%
Spanish Spain
96%
Urdu India
93%
Spanish Colombia
91%
Korean Japan
90%
Russian Ukraine
90%
Urdu Pakistan
87%
Russian Belarus
86%
Russian Kazakhstan
86%
Chinese United States
86%
Spanish United States
86%
Korean United States
86%
Urdu United States
86%
Chinese Taiwan
76%
Indonesian Taiwan
76%
Chinese Singapore
75%
Indonesian Singapore
75%
French Democratic Republic of the Congo
72%
French Algeria
71%
Portuguese Angola
69%
Urdu Bangladesh
69%
French Germany
66%
Russian Uzbekistan
65%
French Morocco
64%
Portuguese Mozambique
63%
Urdu Nepal
61%
Chinese Thailand
61%
Indonesian Netherlands
38%
No matching quizzes found
Score Distribution
Percent of People with Each Score
Percentile by Number Answered
Your Score History
You have not taken this quiz